| 000 | 00828nas a2200277 4500 | ||
|---|---|---|---|
| 001 | BR0604181 | ||
| 003 | BR-BrBNA | ||
| 005 | 20231205110403.0 | ||
| 007 | ta | ||
| 008 | 230509b bl.|||p| |||| 00| 00por d | ||
| 040 |
_aBR-BrBNA _bpor _cBiblioteca Nacional de Agricultura |
||
| 041 | _a(En) | ||
| 072 | _aP35 | ||
| 100 | 1 | _aOliveira, M.F. de | |
| 100 | 1 | _aPrates, H.T. | |
| 100 | 1 | _aSantanna, D.P. | |
| 100 | 1 | _aOliveira Júnior, R.S. de | |
| 245 | 1 | _aImazaquin sorption in surface and subsurface soil samples | |
| 650 | _aHERBICIDA | ||
| 650 | _aSORÇÃO | ||
| 650 | _aLATOSSOLO | ||
| 650 | _aDESENVOLVIMENTO SUSTENTÁVEL | ||
| 773 | 0 |
_tPesquisa Agropecuária Brasileira (Brazil) _xISSN 0100-204X _g(Mar 2006), v. 41(3) p. 461-468 _wBR0604181 |
|
| 909 |
_a202311 _bLúcia _c55 _dLúcia Elande |
||
| 942 |
_2AGRIS _n0 _cANA |
||
| 999 |
_c187197 _d187197 |
||